Marketingová komunikácia neziskovej organizácie dizertačná práca

Gespeichert in:
Bibliographische Detailangaben
1. Verfasser: Dražová, Katarína
Körperschaft: Obchodná fakulta EU. Katedra marketingu
Weitere Verfasser: Labská, Helena
Format: Buch
Sprache:Slowakisch
Veröffentlicht: Bratislava 2012
Schlagworte:
Tags: Tag hinzufügen
Keine Tags, Fügen Sie das erste Tag hinzu!

MARC

LEADER 00000nbm a2200000 4500
001 0157319
005 20240502072740.6
041 0 |a slo 
044 |a SK 
245 1 0 |a Marketingová komunikácia neziskovej organizácie  |b dizertačná práca  |c Katarína Dražová ; školiteľ: Helena Labská 
264 1 |a Bratislava  |c 2012 
300 |a 115 s. 
610 2 0 |a komunikácia marketingová 
610 2 0 |a sektor terciárny 
610 2 0 |a organizácie neziskové 
100 1 |a Dražová, Katarína 
700 1 |a Labská, Helena 
710 2 |a Obchodná fakulta EU. Katedra marketingu